000 00890 a2200193 4500
003 Nust
005 20220817183954.0
020 _a13-978-0-07-063454-1
040 _cNust
082 _a621.382,SIN
100 _aSingh,R P
_997873
245 _aCommunication Systems Analog & digital
_banalog & digital
_cR P Singh
250 _a2nd ed. /
260 _aNew Delhi
_bTata Mcgraw-Hill
_c2007
300 _axi,584:p
505 _aSignal analysis (Page-1), Linear systems (Page-78), Probability and random signal theory (Page-144), Noise (Page-166), Amplitude modulation systems (Page-207), Angle modulation systems (Page-303), Pulse modulation systems (Page 385), Pulse code modulation (Page-407), Data transmission (Page- 430), Information theory (Page 452), Coding (Page- 490), Advanced communications systems (Page-524).
650 _aTelecommunication Engineering.
942 _cREF
_2ddc
999 _c212436
_d212436